[Event "TN Mestres 2024-25"]
[Site "Pombal"]
[Date "2024.12.22"]
[Round "7.1"]
[White "Ribeiro, Rodrigo"]
[Black "Fidalgo, Andre Neves"]
[Result "0-1"]
[LiveChessVersion "1.4.8"]
[BlackElo "2220"]
[WhiteElo "2143"]

1. d4 {[%clk 1:29:22]} Nf6 {[%clk 1:30:28]} 2. c4 {[%clk 1:29:51]} g6
{[%clk 1:30:49]} 3. h4 {[%clk 1:30:19]} c5 {[%clk 1:29:40]} 4. d5
{[%clk 1:28:49]} Bg7 {[%clk 1:27:56]} 5. Nc3 {[%clk 1:29:16]} d6 {[%clk 1:28:12]}
6. e4 {[%clk 1:29:22]} e6 {[%clk 1:28:21]} 7. dxe6 {[%clk 1:16:17]} Bxe6
{[%clk 1:27:40]} 8. Bf4 {[%clk 1:08:05]} Qa5 {[%clk 1:27:14]} 9. Qd2
{[%clk 1:07:03]} O-O {[%clk 1:24:37]} 10. O-O-O {[%clk 0:54:53]} Nc6
{[%clk 1:23:51]} 11. Nf3 {[%clk 0:41:57]} b5 {[%clk 1:07:54]} 12. cxb5
{[%clk 0:30:27]} Nd4 {[%clk 1:08:05]} 13. Bxd6 {[%clk 0:18:37]} Rfd8
{[%clk 0:50:00]} 14. Nxd4 {[%clk 0:06:00]} cxd4 {[%clk 0:49:20]} 15. Qxd4
{[%clk 0:06:27]} Rxd6 {[%clk 0:42:43]} 16. Qxd6 {[%clk 0:05:11]} Nxe4
{[%clk 0:42:23]} 17. Qa6 0-1

[Event "TN Mestres 2024-25"]
[Site "Pombal"]
[Date "2024.12.22"]
[Round "7.2"]
[White "Ribeiro, Gustavo"]
[Black "Reis, Luis Sousa"]
[Result "1-0"]
[LiveChessVersion "1.4.8"]
[BlackElo "2164"]
[WhiteElo "2241"]

1. g3 {[%clk 1:30:35]} e5 {[%clk 1:25:07]} 2. c4 {[%clk 1:30:56]} Nc6
{[%clk 1:20:20]} 3. Bg2 {[%clk 1:31:02]} h5 {[%clk 1:20:40]} 4. h3
{[%clk 1:29:03]} Bc5 {[%clk 1:20:19]} 5. Nc3 {[%clk 1:29:17]} h4 {[%clk 1:16:29]}
6. g4 {[%clk 1:29:35]} d6 {[%clk 1:16:43]} 7. Na4 {[%clk 1:29:01]} f5
{[%clk 1:15:13]} 8. Bxc6+ {[%clk 1:14:09]} bxc6 {[%clk 1:15:29]} 9. Nxc5
{[%clk 1:14:37]} dxc5 {[%clk 1:15:42]} 10. gxf5 {[%clk 1:14:46]} Bxf5
{[%clk 1:13:20]} 11. d3 {[%clk 1:15:03]} Qd6 {[%clk 1:07:48]} 12. Be3
{[%clk 1:11:25]} Rb8 {[%clk 1:03:42]} 13. Qd2 {[%clk 1:09:45]} Nf6
{[%clk 0:58:48]} 14. O-O-O {[%clk 1:09:53]} O-O {[%clk 0:52:32]} 15. Nf3
{[%clk 1:09:22]} Rb4 {[%clk 0:52:32]} 16. a3 {[%clk 1:07:54]} Rb3
{[%clk 0:51:22]} 17. Qa5 {[%clk 1:07:51]} Nd7 {[%clk 0:49:25]} 18. Nd2
{[%clk 0:58:13]} Rb7 {[%clk 0:45:47]} 19. Kb1 {[%clk 0:56:03]} Rfb8
{[%clk 0:45:51]} 20. b3 {[%clk 0:56:27]} e4 {[%clk 0:40:55]} 21. Qc3
{[%clk 0:52:34]} exd3 {[%clk 0:39:55]} 22. exd3 {[%clk 0:52:57]} Qxd3+
{[%clk 0:32:36]} 23. Qxd3 {[%clk 0:53:10]} Bxd3+ {[%clk 0:32:55]} 24. Kb2
{[%clk 0:53:38]} Bf5 {[%clk 0:29:58]} 25. Kc3 {[%clk 0:50:14]} a5
{[%clk 0:23:01]} 26. a4 {[%clk 0:48:52]} Nf6 {[%clk 0:18:59]} 27. f3
{[%clk 0:48:51]} Nd7 {[%clk 0:19:08]} 28. Bf4 {[%clk 0:47:46]} Nf8
{[%clk 0:16:07]} 29. Be5 {[%clk 0:42:09]} Ne6 {[%clk 0:15:37]} 30. Rdg1
{[%clk 0:41:11]} Rd8 {[%clk 0:09:01]} 31. Ne4 {[%clk 0:41:25]} Bxe4
{[%clk 0:07:16]} 32. fxe4 {[%clk 0:41:50]} Rdb8 {[%clk 0:07:28]} 33. Rb1
{[%clk 0:41:36]} Ng5 {[%clk 0:07:45]} 34. Rhg1 {[%clk 0:41:26]} Nxe4+
{[%clk 0:06:02]} 35. Kc2 {[%clk 0:41:38]} Ng3 {[%clk 0:03:41]} 36. Bxg3
{[%clk 0:42:04]} hxg3 {[%clk 0:04:06]} 37. Rxg3 {[%clk 0:42:32]} Rf8
{[%clk 0:04:07]} 38. Re1 {[%clk 0:42:35]} Rf2+ {[%clk 0:02:16]} 39. Kc3
{[%clk 0:42:37]} Rb8 {[%clk 0:02:39]} 40. Re7 {[%clk 0:42:44]} Rf7
{[%clk 0:03:00]} 41. Re6 {[%clk 0:43:02]} Rbf8 {[%clk 0:03:14]} 42. Rxc6
{[%clk 0:42:54]} Rf3+ {[%clk 0:03:37]} 43. Rxf3 {[%clk 0:43:22]} Rxf3+
{[%clk 0:04:04]} 44. Kb2 {[%clk 0:43:48]} Rxh3 {[%clk 0:03:58]} 45. Rxc5
{[%clk 0:44:15]} Rg3 {[%clk 0:02:07]} 46. Rxa5 {[%clk 0:44:28]} g5
{[%clk 0:02:32]} 47. Rc5 {[%clk 0:44:30]} g4 {[%clk 0:01:05]} 48. a5
{[%clk 0:43:06]} 1-0

[Event "TN Mestres 2024-25"]
[Site "Pombal"]
[Date "2024.12.22"]
[Round "7.3"]
[White "Ferreira, Luis Pedro"]
[Black "Padeiro, Jose"]
[Result "1-0"]
[LiveChessVersion "1.4.8"]
[BlackElo "2122"]
[WhiteElo "2166"]

1. e4 {[%clk 1:27:07]} e6 {[%clk 1:30:54]} 2. d4 {[%clk 1:26:47]} d5
{[%clk 1:31:18]} 3. exd5 {[%clk 1:24:31]} exd5 {[%clk 1:31:41]} 4. Nf3
{[%clk 1:24:47]} Bd6 {[%clk 1:30:52]} 5. c4 {[%clk 1:24:48]} Nf6 {[%clk 1:27:52]}
6. Nc3 {[%clk 1:13:11]} h6 {[%clk 1:27:55]} 7. c5 {[%clk 1:12:41]} Be7
{[%clk 1:28:00]} 8. Bf4 {[%clk 1:12:29]} O-O {[%clk 1:23:54]} 9. Bd3
{[%clk 1:11:06]} Bg4 {[%clk 1:20:54]} 10. h3 {[%clk 1:05:00]} Bxf3
{[%clk 1:20:51]} 11. Qxf3 {[%clk 1:05:18]} Nc6 {[%clk 1:17:37]} 12. Be3
{[%clk 1:04:34]} b6 {[%clk 1:10:15]} 13. cxb6 {[%clk 1:04:50]} axb6
{[%clk 1:09:38]} 14. Rd1 {[%clk 1:04:59]} Na5 {[%clk 1:03:02]} 15. O-O
{[%clk 1:04:23]} c6 {[%clk 0:57:34]} 16. Bc1 {[%clk 1:01:42]} b5 {[%clk 0:55:29]}
17. Ne2 {[%clk 1:01:36]} Nc4 {[%clk 0:53:40]} 18. Ng3 {[%clk 0:52:43]} Nd6
{[%clk 0:51:47]} 19. a3 {[%clk 0:49:02]} b4 {[%clk 0:48:47]} 20. axb4
{[%clk 0:48:11]} Rb8 {[%clk 0:42:53]} 21. Bd2 {[%clk 0:46:10]} Nh7
{[%clk 0:33:40]} 22. Rc1 {[%clk 0:37:35]} Qd7 {[%clk 0:27:47]} 23. Rfe1
{[%clk 0:36:32]} Ng5 {[%clk 0:26:23]} 24. Qg4 {[%clk 0:32:56]} f5
{[%clk 0:20:24]} 25. Nxf5 {[%clk 0:32:35]} Nxf5 {[%clk 0:20:49]} 26. Bxf5
{[%clk 0:32:39]} Qxf5 {[%clk 0:21:08]} 27. Qxf5 {[%clk 0:33:03]} Rxf5
{[%clk 0:21:35]} 28. Rxe7 {[%clk 0:33:25]} Ne4 {[%clk 0:22:00]} 29. Be1
{[%clk 0:32:48]} Rb6 {[%clk 0:19:14]} 30. Ra1 {[%clk 0:31:29]} Nd6
{[%clk 0:18:10]} 31. Raa7 {[%clk 0:30:28]} Rf7 {[%clk 0:18:19]} 32. Rxf7
{[%clk 0:30:28]} Nxf7 {[%clk 0:18:48]} 33. Kf1 {[%clk 0:30:39]} Nd6
{[%clk 0:16:51]} 34. Ke2 {[%clk 0:30:10]} Nb5 {[%clk 0:17:02]} 35. Ra8+
{[%clk 0:30:34]} Kf7 {[%clk 0:17:29]} 36. Kd3 {[%clk 0:30:59]} h5
{[%clk 0:16:07]} 37. f3 {[%clk 0:31:12]} Nd6 {[%clk 0:15:21]} 38. Ra7+
{[%clk 0:31:12]} Kg6 {[%clk 0:15:22]} 39. g4 {[%clk 0:30:21]} hxg4
{[%clk 0:15:26]} 40. hxg4 {[%clk 0:30:46]} Nf7 {[%clk 0:14:41]} 41. Bd2
{[%clk 0:31:05]} Kf6 {[%clk 0:14:04]} 42. Rc7 {[%clk 0:30:32]} g5
{[%clk 0:07:34]} 43. Be1 {[%clk 0:27:55]} Nd8 {[%clk 0:07:36]} 44. Ra7
{[%clk 0:23:13]} Ne6 {[%clk 0:05:35]} 45. Bd2 {[%clk 0:22:47]} Kg6
{[%clk 0:05:55]} 46. Kc3 {[%clk 0:22:50]} Kf6 {[%clk 0:05:49]} 47. Be3
{[%clk 0:23:02]} Kg6 {[%clk 0:05:28]} 48. Kb3 {[%clk 0:22:57]} Kf6
{[%clk 0:05:46]} 49. Bf2 {[%clk 0:20:20]} Kg6 {[%clk 0:05:34]} 50. Ra5
{[%clk 0:19:25]} Nf4 {[%clk 0:03:37]} 51. Bg3 {[%clk 0:19:27]} Nd3
{[%clk 0:03:16]} 52. Bd6 {[%clk 0:19:45]} Ne1 {[%clk 0:02:16]} 53. Bc5
{[%clk 0:19:58]} Rb7 {[%clk 0:01:25]} 54. Ra6 {[%clk 0:20:23]} Nxf3
{[%clk 0:01:50]} 55. Rxc6+ {[%clk 0:20:50]} Kf7 {[%clk 0:02:02]} 56. Rd6
{[%clk 0:20:58]} Nh2 {[%clk 0:00:40]} 57. Rxd5 {[%clk 0:21:22]} Kg6
{[%clk 0:00:45]} 58. Rd6+ {[%clk 0:21:24]} Kf7 {[%clk 0:00:55]} 59. Rh6
{[%clk 0:21:45]} 1-0

[Event "TN Mestres 2024-25"]
[Site "Pombal"]
[Date "2024.12.22"]
[Round "7.4"]
[White "Morais, Miguel"]
[Black "Ryabukhin, Roman"]
[Result "0-1"]
[LiveChessVersion "1.4.8"]
[BlackElo "2286"]
[WhiteElo "2132"]

1. d4 {[%clk 1:28:25]} Nf6 {[%clk 1:30:26]} 2. c4 {[%clk 1:28:47]} e6
{[%clk 1:30:38]} 3. Nf3 {[%clk 1:29:08]} c5 {[%clk 1:30:23]} 4. d5
{[%clk 1:29:19]} b5 {[%clk 1:30:48]} 5. dxe6 {[%clk 1:29:43]} fxe6
{[%clk 1:31:14]} 6. cxb5 {[%clk 1:30:07]} d5 {[%clk 1:31:42]} 7. Nc3
{[%clk 1:30:18]} Nbd7 {[%clk 1:30:17]} 8. e3 {[%clk 1:19:45]} Bd6
{[%clk 1:30:34]} 9. Bd3 {[%clk 1:16:11]} Bb7 {[%clk 1:18:16]} 10. Qe2
{[%clk 0:50:42]} e5 11. Bc2 {[%clk 0:51:00]} e4 {[%clk 1:12:41]} 12. Nd2
{[%clk 0:44:01]} O-O {[%clk 0:45:05]} 13. f3 {[%clk 0:43:59]} exf3
{[%clk 0:40:00]} 14. Nxf3 {[%clk 0:42:54]} Kh8 {[%clk 0:34:25]} 15. O-O
{[%clk 0:29:46]} Qc7 {[%clk 0:30:49]} 16. Qe1 {[%clk 0:29:41]} d4 17. Nd1 Bxf3
{[%clk 0:23:42]} 18. Rxf3 {[%clk 0:29:55]} d3 19. Bb1 Bxh2+ {[%clk 0:22:17]} 20.
Kh1 {[%clk 0:15:58]} Ne5 {[%clk 0:20:25]} 21. Rh3 {[%clk 0:15:41]} Ne4
{[%clk 0:20:25]} 22. Rxh2 {[%clk 0:09:52]} Ng3+ {[%clk 0:16:18]} 23. Kg1
{[%clk 0:09:52]} Rf1+ {[%clk 0:16:18]} 24. Qxf1 {[%clk 0:09:52]} Nxf1
{[%clk 0:16:18]} 25. Kxf1 {[%clk 0:09:52]} Rf8+ {[%clk 0:11:09]} 26. Kg1
{[%clk 0:08:14]} Qf7 {[%clk 0:11:13]} 0-1

[Event "TN Mestres 2024-25"]
[Site "Pombal"]
[Date "2024.12.22"]
[Round "7.5"]
[White "Margarido, Jose"]
[Black "Goncalves, Samuel"]
[Result "1/2-1/2"]
[LiveChessVersion "1.4.8"]
[BlackElo "2301"]
[WhiteElo "2152"]

1. Nf3 {[%clk 1:30:56]} Nf6 {[%clk 1:25:57]} 2. c4 {[%clk 1:31:18]} g6
{[%clk 1:26:14]} 3. Nc3 {[%clk 1:31:33]} Bg7 {[%clk 1:26:37]} 4. e4
{[%clk 1:31:19]} e5 {[%clk 1:27:00]} 5. Nxe5 {[%clk 1:31:19]} O-O
{[%clk 1:27:22]} 6. Nf3 {[%clk 1:30:57]} Re8 {[%clk 1:27:45]} 7. Bd3
{[%clk 1:30:59]} Nxe4 {[%clk 1:23:53]} 8. Bxe4 {[%clk 1:30:43]} Bxc3
{[%clk 1:24:16]} 9. dxc3 {[%clk 1:31:04]} Rxe4+ {[%clk 1:24:41]} 10. Be3
{[%clk 1:31:31]} Nc6 {[%clk 1:18:19]} 11. Qd2 {[%clk 1:29:16]} d6
{[%clk 1:18:03]} 12. O-O {[%clk 1:28:47]} Bf5 {[%clk 1:13:06]} 13. Nd4
{[%clk 1:28:01]} Nxd4 {[%clk 1:09:22]} 14. Bxd4 {[%clk 1:28:21]} Qe7
{[%clk 1:09:21]} 15. Rfe1 {[%clk 1:19:20]} Re8 {[%clk 1:09:09]} 16. Rxe4
{[%clk 1:17:01]} Qxe4 {[%clk 1:09:26]} 17. f3 {[%clk 1:14:09]} Qe7
{[%clk 1:09:32]} 18. b3 {[%clk 1:06:08]} h5 {[%clk 1:06:35]} 19. h3
{[%clk 0:57:53]} 1/2-1/2

[Event "TN Mestres 2024-25"]
[Site "Pombal"]
[Date "2024.12.22"]
[Round "7.6"]
[White "Silva, Reinaldo"]
[Black "Valente, Sofia"]
[Result "1/2-1/2"]
[LiveChessVersion "1.4.8"]
[BlackElo "1949"]
[WhiteElo "1801"]

1. Nf3 {[%clk 1:30:01]} c5 {[%clk 1:28:16]} 2. b3 {[%clk 1:29:29]} Nf6
{[%clk 1:28:25]} 3. Bb2 {[%clk 1:29:53]} g6 {[%clk 1:28:38]} 4. e3
{[%clk 1:30:16]} Bg7 {[%clk 1:28:59]} 5. d4 {[%clk 1:30:34]} cxd4
{[%clk 1:29:18]} 6. Nxd4 {[%clk 1:30:57]} O-O {[%clk 1:29:32]} 7. Be2
{[%clk 1:31:21]} Nc6 {[%clk 1:29:48]} 8. O-O {[%clk 1:31:45]} d5 {[%clk 1:27:56]}
9. Nd2 {[%clk 1:32:01]} Re8 {[%clk 1:26:56]} 10. c4 {[%clk 1:31:08]} e5
{[%clk 1:26:07]} 11. Nxc6 {[%clk 1:28:12]} bxc6 {[%clk 1:26:17]} 12. cxd5
{[%clk 1:28:27]} cxd5 {[%clk 1:26:01]} 13. Nf3 {[%clk 1:28:04]} e4
{[%clk 1:21:33]} 14. Nd4 {[%clk 1:27:31]} Bd7 {[%clk 1:18:48]} 15. Rc1
{[%clk 1:21:17]} Qb6 {[%clk 1:16:43]} 16. Qd2 {[%clk 1:20:37]} Rac8
{[%clk 1:16:24]} 17. a4 {[%clk 1:17:10]} a6 {[%clk 1:13:41]} 18. h3
{[%clk 1:07:17]} Rxc1 {[%clk 1:09:46]} 19. Rxc1 {[%clk 1:07:16]} Rc8
{[%clk 1:09:38]} 20. Rxc8+ {[%clk 1:06:48]} Bxc8 {[%clk 1:10:06]} 21. Qc3
{[%clk 1:03:43]} Bb7 {[%clk 1:08:49]} 22. a5 {[%clk 0:58:50]} Qd6
{[%clk 1:04:10]} 23. b4 {[%clk 0:56:35]} Nd7 {[%clk 1:02:48]} 24. Ba3
{[%clk 0:54:29]} Bf8 {[%clk 1:02:22]} 25. Nc2 {[%clk 0:43:45]} Bg7
{[%clk 1:00:48]} 26. Nd4 {[%clk 0:41:24]} Bf8 {[%clk 1:01:03]} 1/2-1/2

[Event "TN Mestres 2024-25"]
[Site "Pombal"]
[Date "2024.12.22"]
[Round "7.7"]
[White "Martins, Diogo"]
[Black "Marques, Pedro Godinho"]
[Result "0-1"]
[LiveChessVersion "1.4.8"]
[BlackElo "1857"]
[WhiteElo "1961"]

1. e4 {[%clk 1:26:50]} e5 {[%clk 1:30:05]} 2. Nf3 {[%clk 1:27:10]} Nc6
{[%clk 1:30:11]} 3. Bc4 {[%clk 1:27:36]} Bc5 {[%clk 1:30:15]} 4. O-O
{[%clk 1:26:42]} Nf6 {[%clk 1:23:06]} 5. d3 {[%clk 1:25:37]} h6 {[%clk 1:13:19]}
6. c3 {[%clk 1:23:44]} d6 {[%clk 1:02:09]} 7. Bb3 {[%clk 1:14:05]} O-O
{[%clk 0:58:14]} 8. Re1 {[%clk 1:13:07]} a5 {[%clk 0:51:00]} 9. Nbd2
{[%clk 1:13:09]} Ng4 {[%clk 0:48:06]} 10. Re2 {[%clk 1:13:27]} Ba7
{[%clk 0:40:31]} 11. h3 {[%clk 1:13:31]} Nf6 {[%clk 0:40:27]} 12. Nf1
{[%clk 1:13:19]} b5 {[%clk 0:39:24]} 13. Ng3 {[%clk 1:06:01]} a4 {[%clk 0:35:27]}
14. Bc2 {[%clk 1:06:13]} d5 {[%clk 0:32:56]} 15. exd5 {[%clk 0:54:23]} Qxd5
{[%clk 0:30:42]} 16. Be3 {[%clk 0:43:53]} Bxh3 {[%clk 0:28:50]} 17. Bxa7
{[%clk 0:41:55]} Rxa7 {[%clk 0:28:51]} 18. Qe1 {[%clk 0:25:48]} Bg4
{[%clk 0:24:29]} 19. Re3 {[%clk 0:25:18]} Bxf3 {[%clk 0:21:13]} 20. Rxf3
{[%clk 0:25:41]} Raa8 {[%clk 0:19:58]} 21. Nf5 {[%clk 0:24:54]} Qe6
{[%clk 0:14:39]} 22. Qe3 {[%clk 0:22:58]} Nd5 {[%clk 0:11:25]} 23. Qe4
{[%clk 0:21:31]} Nde7 {[%clk 0:10:38]} 24. d4 {[%clk 0:20:06]} Nxf5
{[%clk 0:09:57]} 25. d5 {[%clk 0:17:59]} Qg6 {[%clk 0:08:51]} 26. Rxf5
{[%clk 0:15:42]} Ne7 {[%clk 0:08:15]} 27. Rxe5 {[%clk 0:15:43]} Qxe4
{[%clk 0:08:15]} 28. Bxe4 {[%clk 0:15:59]} Ng6 {[%clk 0:08:05]} 29. Bxg6
{[%clk 0:16:24]} fxg6 {[%clk 0:08:29]} 30. Rd1 {[%clk 0:13:55]} Rae8
{[%clk 0:06:11]} 31. f4 {[%clk 0:12:09]} Kf7 {[%clk 0:05:40]} 32. Rde1
{[%clk 0:11:56]} Rxe5 {[%clk 0:03:16]} 33. fxe5 {[%clk 0:12:22]} Ke7
{[%clk 0:03:33]} 34. Rf1 {[%clk 0:12:16]} Rd8 {[%clk 0:03:54]} 35. Rd1
{[%clk 0:12:39]} Rf8 {[%clk 0:04:20]} 36. Rd4 {[%clk 0:10:59]} Rd8
{[%clk 0:03:50]} 37. Kf2 {[%clk 0:10:55]} Rf8+ {[%clk 0:03:59]} 38. Ke2
{[%clk 0:11:15]} Rf5 {[%clk 0:04:21]} 39. Re4 {[%clk 0:11:37]} Rg5
{[%clk 0:04:41]} 40. Kf2 {[%clk 0:09:24]} Rf5+ {[%clk 0:05:00]} 41. Ke1
{[%clk 0:09:31]} Rg5 {[%clk 0:05:14]} 42. Re2 {[%clk 0:09:55]} Rf5
{[%clk 0:05:27]} 43. Kd2 {[%clk 0:10:14]} h5 {[%clk 0:05:03]} 44. Kd3
{[%clk 0:10:38]} Rf4 {[%clk 0:05:06]} 45. Ke3 {[%clk 0:09:57]} g5
{[%clk 0:04:54]} 46. b3 {[%clk 0:09:22]} h4 {[%clk 0:04:20]} 47. Rd2
{[%clk 0:08:56]} Rg4 {[%clk 0:04:22]} 48. Rf2 {[%clk 0:09:05]} Rg3+
{[%clk 0:04:33]} 49. Kd4 {[%clk 0:09:29]} g4 {[%clk 0:04:39]} 50. e6
{[%clk 0:09:39]} h3 {[%clk 0:04:30]} 51. Rf7+ {[%clk 0:08:35]} Kd8
{[%clk 0:02:51]} 52. gxh3 {[%clk 0:08:19]} gxh3 {[%clk 0:03:04]} 53. Rf8+
{[%clk 0:04:38]} Ke7 {[%clk 0:03:23]} 54. Rh8 {[%clk 0:05:07]} g5
{[%clk 0:03:13]} 55. Rh7+ {[%clk 0:05:22]} Kd8 {[%clk 0:03:22]} 56. bxa4
{[%clk 0:05:14]} bxa4 {[%clk 0:02:53]} 57. c4 {[%clk 0:05:36]} Rg4+
{[%clk 0:03:11]} 58. Ke5 {[%clk 0:05:18]} Rh4 {[%clk 0:03:19]} 59. Rd7+
{[%clk 0:04:43]} Kc8 {[%clk 0:03:22]} 60. Rf7 {[%clk 0:03:41]} h2
{[%clk 0:02:34]} 61. Rf8+ {[%clk 0:02:56]} Kb7 {[%clk 0:02:58]} 62. e7
{[%clk 0:03:06]} h1=Q {[%clk 0:03:10]} 63. Rb8+ {[%clk 0:03:17]} Ka7
{[%clk 0:02:55]} 64. Ra8+ {[%clk 0:03:09]} Kb6 {[%clk 0:03:14]} 65. e8=Q
{[%clk 0:02:52]} Re4+ {[%clk 0:03:39]} 0-1

[Event "TN Mestres 2024-25"]
[Site "Pombal"]
[Date "2024.12.22"]
[Round "7.8"]
[White "Ermida, Ricardo"]
[Black "Goncalves, Lucas"]
[Result "0-1"]
[LiveChessVersion "1.4.8"]
[BlackElo "1990"]
[WhiteElo "1858"]

1. e4 e5 {[%clk 1:27:52]} 2. Nf3 {[%clk 1:31:19]} Nc6 {[%clk 1:28:19]} 3. Nc3
{[%clk 1:31:39]} Nf6 {[%clk 1:28:33]} 4. h3 {[%clk 1:32:02]} a6 {[%clk 1:28:04]}
5. d4 {[%clk 1:32:25]} exd4 {[%clk 1:27:14]} 6. Nxd4 {[%clk 1:32:45]} Bb4
{[%clk 1:22:18]} 7. Nxc6 {[%clk 1:29:20]} bxc6 {[%clk 1:22:37]} 8. Bd3
{[%clk 1:29:24]} d5 {[%clk 1:23:02]} 9. exd5 {[%clk 1:26:57]} cxd5
{[%clk 1:20:33]} 10. O-O {[%clk 1:27:03]} O-O {[%clk 1:13:43]} 11. Bg5
{[%clk 1:24:58]} c6 {[%clk 1:12:46]} 12. Qf3 {[%clk 1:22:33]} Be7
{[%clk 1:11:43]} 13. Rfe1 {[%clk 1:19:32]} Be6 {[%clk 1:11:49]} 14. Ne2
{[%clk 1:18:58]} Nd7 {[%clk 1:10:06]} 15. Bxe7 {[%clk 1:15:01]} Qxe7
{[%clk 1:10:29]} 16. Qg3 {[%clk 1:04:56]} Qf6 {[%clk 1:04:36]} 17. Qd6
{[%clk 1:01:16]} Ne5 {[%clk 1:04:00]} 18. Nf4 {[%clk 0:57:56]} Qxf4
{[%clk 0:55:57]} 19. Qxe5 {[%clk 0:57:20]} Qxe5 {[%clk 0:54:16]} 20. Rxe5
{[%clk 0:57:42]} g6 {[%clk 0:53:57]} 21. b3 {[%clk 0:54:57]} Kg7 {[%clk 0:54:21]}
22. Rae1 {[%clk 0:53:51]} Kf6 {[%clk 0:53:19]} 23. Bf1 {[%clk 0:46:09]} a5
{[%clk 0:53:19]} 24. a4 {[%clk 0:46:09]} Rab8 {[%clk 0:53:19]} 25. R5e3
{[%clk 0:46:09]} Rb4 {[%clk 0:53:19]} 26. Rc3 {[%clk 0:42:27]} Rc8
{[%clk 0:52:06]} 27. Rc5 {[%clk 0:42:35]} Ke7 {[%clk 0:49:33]} 28. Rxa5
{[%clk 0:42:15]} Kd6 {[%clk 0:49:47]} 29. Ra6 {[%clk 0:38:45]} Kc7
{[%clk 0:49:48]} 30. Ra7+ {[%clk 0:38:16]} Kb6 {[%clk 0:49:32]} 31. Re7
{[%clk 0:38:31]} c5 {[%clk 0:49:23]} 32. Ra1 {[%clk 0:35:15]} Ra8
{[%clk 0:48:39]} 33. Bb5 {[%clk 0:30:51]} Rxb5 {[%clk 0:46:59]} 0-1

[Event "TN Mestres 2024-25"]
[Site "Pombal"]
[Date "2024.12.22"]
[Round "7.9"]
[White "Bras, Hugo"]
[Black "Gaboleiro, Guilherme"]
[Result "0-1"]
[LiveChessVersion "1.4.8"]
[BlackElo "1837"]
[WhiteElo "1863"]

1. e4 {[%clk 1:28:53]} e5 {[%clk 1:30:49]} 2. Nf3 {[%clk 1:29:13]} Nf6
{[%clk 1:31:10]} 3. Nxe5 {[%clk 1:29:39]} d6 {[%clk 1:31:32]} 4. Nf3
{[%clk 1:30:06]} Nxe4 {[%clk 1:32:00]} 5. d3 {[%clk 1:30:28]} Nf6
{[%clk 1:32:24]} 6. d4 {[%clk 1:30:57]} d5 {[%clk 1:32:43]} 7. Bd3
{[%clk 1:31:21]} Bd6 {[%clk 1:33:03]} 8. Qe2+ {[%clk 1:31:39]} Qe7
{[%clk 1:32:09]} 9. Qxe7+ {[%clk 1:32:01]} Bxe7 {[%clk 1:32:23]} 10. Bf4
{[%clk 1:32:26]} c6 {[%clk 1:32:29]} 11. h3 {[%clk 1:32:47]} O-O {[%clk 1:32:17]}
12. O-O {[%clk 1:33:13]} h6 {[%clk 1:32:34]} 13. Re1 {[%clk 1:33:38]} Re8
{[%clk 1:32:05]} 14. Nbd2 {[%clk 1:34:02]} Be6 {[%clk 1:31:44]} 15. a4
{[%clk 1:34:22]} a6 {[%clk 1:32:01]} 16. c3 {[%clk 1:34:16]} Nbd7
{[%clk 1:31:54]} 17. Ne5 {[%clk 1:33:31]} c5 {[%clk 1:29:41]} 18. Ndf3
{[%clk 1:32:30]} Rac8 {[%clk 1:24:50]} 19. Nxd7 {[%clk 1:25:46]} Nxd7
{[%clk 1:24:58]} 20. Be3 {[%clk 1:26:11]} Bf6 {[%clk 1:23:41]} 21. Bc2
{[%clk 1:26:04]} b6 {[%clk 1:14:47]} 22. Bd3 {[%clk 1:15:43]} Nb8
{[%clk 1:13:45]} 23. Bf4 {[%clk 1:15:52]} c4 {[%clk 1:14:01]} 24. Bc2
{[%clk 1:15:47]} Nc6 {[%clk 1:13:03]} 25. Bd6 {[%clk 1:14:51]} Red8
{[%clk 1:06:59]} 26. Bg3 {[%clk 1:11:17]} Re8 {[%clk 1:03:47]} 27. Bd6
{[%clk 1:10:46]} Red8 {[%clk 1:04:04]} 28. Bf4 {[%clk 1:11:10]} Re8
{[%clk 1:04:25]} 29. Nd2 {[%clk 1:11:37]} Na5 {[%clk 1:03:53]} 30. Nf1
{[%clk 1:11:27]} Be7 {[%clk 0:51:59]} 31. Ne3 {[%clk 1:11:22]} Nb7
{[%clk 0:52:02]} 32. Bd1 {[%clk 1:11:02]} Red8 {[%clk 0:46:25]} 33. Bf3
{[%clk 1:09:38]} Bf8 {[%clk 0:46:36]} 34. g4 {[%clk 1:08:26]} g6 {[%clk 0:46:40]}
35. Kg2 {[%clk 1:07:42]} Na5 {[%clk 0:45:58]} 36. Bd1 {[%clk 1:07:23]} Kg7
{[%clk 0:44:09]} 37. Be5+ {[%clk 1:07:18]} f6 {[%clk 0:42:58]} 38. Bg3
{[%clk 1:07:42]} Bf7 {[%clk 0:42:59]} 39. Bc2 {[%clk 1:07:09]} Re8
{[%clk 0:38:10]} 40. Nf1 {[%clk 1:05:37]} Rxe1 {[%clk 0:34:12]} 41. Rxe1
{[%clk 1:05:57]} Nc6 {[%clk 0:34:29]} 42. Ne3 {[%clk 1:05:50]} b5
{[%clk 0:31:42]} 43. axb5 {[%clk 1:05:08]} axb5 {[%clk 0:32:01]} 44. Ra1
{[%clk 1:05:37]} b4 {[%clk 0:32:17]} 45. Ra6 {[%clk 1:05:27]} b3 {[%clk 0:31:03]}
46. Bd1 {[%clk 1:05:55]} Be7 {[%clk 0:23:40]} 47. Bf3 {[%clk 1:05:15]} Nb4
{[%clk 0:24:00]} 48. Ra7 {[%clk 0:59:50]} Nc6 {[%clk 0:23:57]} 49. Ra1
{[%clk 0:57:50]} Nxd4 {[%clk 0:22:02]} 50. Bxd5 {[%clk 0:54:54]} Nc2
{[%clk 0:21:33]} 51. Nxc2 {[%clk 0:54:40]} Bxd5+ {[%clk 0:21:45]} 52. f3
{[%clk 0:52:58]} bxc2 {[%clk 0:22:03]} 53. Rc1 {[%clk 0:53:25]} Rd8
{[%clk 0:21:32]} 54. Rxc2 {[%clk 0:53:43]} Bc6 {[%clk 0:20:21]} 55. Re2
{[%clk 0:51:18]} Kf7 {[%clk 0:20:14]} 56. Bf4 {[%clk 0:38:32]} Rd3
{[%clk 0:19:18]} 57. Rf2 {[%clk 0:38:52]} Bc5 {[%clk 0:19:32]} 58. Rf1
{[%clk 0:38:49]} Be3 {[%clk 0:19:06]} 59. Bxe3 {[%clk 0:38:26]} Rxe3
{[%clk 0:19:21]} 60. Rf2 {[%clk 0:38:53]} Ke6 {[%clk 0:18:10]} 61. Kg3
{[%clk 0:39:20]} g5 {[%clk 0:18:12]} 62. h4 {[%clk 0:39:28]} gxh4+
{[%clk 0:17:36]} 63. Kxh4 {[%clk 0:39:48]} Bxf3 {[%clk 0:17:50]} 64. Kh5
{[%clk 0:39:59]} f5 {[%clk 0:17:56]} 65. Kxh6 {[%clk 0:40:19]} fxg4
{[%clk 0:18:14]} 66. Kg5 {[%clk 0:40:12]} g3 {[%clk 0:16:58]} 67. Rf1
{[%clk 0:40:24]} g2 {[%clk 0:17:18]} 68. Rg1 {[%clk 0:40:48]} Ke5
{[%clk 0:17:10]} 0-1

[Event "TN Mestres 2024-25"]
[Site "Pombal"]
[Date "2024.12.22"]
[Round "7.10"]
[White "Barrento, Jorge"]
[Black "Dias, Carlos Oliveira"]
[Result "1-0"]
[LiveChessVersion "1.4.8"]
[BlackElo "1870"]
[WhiteElo "1790"]

1. e4 {[%clk 1:23:29]} g6 {[%clk 1:28:56]} 2. d4 {[%clk 1:22:34]} Bg7
{[%clk 1:29:10]} 3. Be3 {[%clk 1:20:46]} d6 {[%clk 1:29:25]} 4. Nc3
{[%clk 1:19:52]} Nf6 {[%clk 1:28:09]} 5. h3 {[%clk 1:18:03]} Nc6 {[%clk 1:25:52]}
6. d5 {[%clk 1:16:51]} Nb8 {[%clk 1:25:14]} 7. Qd2 {[%clk 1:15:57]} O-O
{[%clk 1:23:06]} 8. Bh6 {[%clk 1:14:13]} Nbd7 {[%clk 1:22:09]} 9. g4
{[%clk 1:13:36]} e5 {[%clk 1:16:29]} 10. Bg2 {[%clk 1:10:35]} a6 {[%clk 1:15:23]}
11. Nge2 {[%clk 1:09:22]} b5 {[%clk 1:11:29]} 12. a3 {[%clk 1:04:13]} Nb6
{[%clk 1:09:02]} 13. b3 {[%clk 1:02:55]} Bb7 {[%clk 1:07:20]} 14. Rd1
{[%clk 0:59:59]} Rc8 {[%clk 0:57:41]} 15. Ng3 {[%clk 0:57:32]} Kh8
{[%clk 0:54:34]} 16. Nce2 {[%clk 0:53:20]} Ng8 {[%clk 0:46:21]} 17. Bxg7+
{[%clk 0:50:07]} Kxg7 {[%clk 0:46:38]} 18. g5 {[%clk 0:45:54]} h5
{[%clk 0:44:40]} 19. gxh6+ {[%clk 0:43:46]} Nxh6 {[%clk 0:44:41]} 20. h4
{[%clk 0:42:57]} f5 {[%clk 0:37:20]} 21. h5 {[%clk 0:41:39]} f4 {[%clk 0:32:26]}
22. hxg6 {[%clk 0:40:13]} Rh8 {[%clk 0:32:05]} 23. Nh5+ {[%clk 0:36:37]} Kxg6 24.
Nexf4+ {[%clk 0:33:42]} exf4 {[%clk 0:13:03]} 25. Nxf4+ {[%clk 0:32:26]} Kf6
{[%clk 0:10:28]} 26. Qd4+ {[%clk 0:31:41]} Kf7 {[%clk 0:10:12]} 27. Nh5
{[%clk 0:30:25]} Qg5 {[%clk 0:08:37]} 28. f4 {[%clk 0:27:54]} Qxg2 29. Qf6+ 1-0